| 000 | 00665nam a22001937a 4500 | ||
|---|---|---|---|
| 999 |
_c16316 _d16316 |
||
| 003 | AR-CdUCM | ||
| 008 | 190225b ||||| |||| 00| 0 spa d | ||
| 040 |
_aMUNICIPALIDAD PROVINCIAL DEL CUSCO _cBIBLIOTECA MUNICIPAL DEL CUSCO |
||
| 082 |
_a599.9 / _bM83 |
||
| 100 |
_aMorris, Desmond. _935692 |
||
| 245 |
_aEl mono desnudo : _bUn estudio del animal humano / |
||
| 260 |
_aBarcelona : _bPlaza & Janes, S.A., _c1974. |
||
| 300 |
_a204 paginas ; _c18 cm. |
||
| 505 | _aContenido :Orígenes -- Sexo -- Crianza -- Exploración -- Lucha ... | ||
| 650 |
_aHistoria del hombre. _935693 |
||
| 650 |
_aAnatomía. _922588 |
||
| 942 |
_2ddc _cLIBROS |
||
| 945 |
_arum _d2019-05-03 |
||